[Event "Niedersachsen-ch op-A"]
[Site "Verden"]
[Date "2015.01.03"]
[Round "3"]
[White "Klettke, Wolfgang"]
[Black "Ter Stal, Sven"]
[Result "1/2-1/2"]
[WhiteElo "2012"]
[BlackElo "1709"]
[PlyCount "51"]
[EventDate "2015.01.02"]
[EventType "swiss"]
[EventRounds "7"]
[EventCountry "GER"]
[SourceTitle "EXT 2018"]
[Source "ChessBase"]
[SourceDate "2017.10.13"]
[SourceVersion "1"]
[SourceVersionDate "2017.10.13"]
[SourceQuality "1"]

1. e4 c5 2. Nf3 d6 3. Bb5+ Bd7 4. Bxd7+ Qxd7 5. 0-0 Nc6 6. d4 cxd4 7. Nxd4 Nf6 8. f3 g6 9. c4 Bg7 10. Be3 0-0 11. Nc3 Rfc8 12. b3 e6 13. Qd2 d5 14. Nxc6 bxc6 15. Rad1 Rd8 16. cxd5 cxd5 17. e5 Ne8 18. Bd4 Nc7 19. f4 Nb5 20. Nxb5 Qxb5 21. g4 Qd7 22. f5 exf5 23. gxf5 gxf5 24. Qg5 Qe6 25. Qxf5 Qg6+ 26. Qxg6 1/2-1/2

[Event "Niedersachsen-ch op-A"]
[Site "Verden"]
[Date "2015.01.03"]
[Round "4"]
[White "Ter Stal, Sven"]
[Black "Schumacher, Klaus"]
[Result "0-1"]
[WhiteElo "1709"]
[BlackElo "1830"]
[PlyCount "86"]
[EventDate "2015.01.02"]
[EventType "swiss"]
[EventRounds "7"]
[EventCountry "GER"]
[SourceTitle "EXT 2018"]
[Source "ChessBase"]
[SourceDate "2017.10.13"]
[SourceVersion "1"]
[SourceVersionDate "2017.10.13"]
[SourceQuality "1"]

1. e4 c5 2. Nc3 Nc6 3. f4 e6 4. Nf3 d5 5. d3 dxe4 6. dxe4 Qxd1+ 7. Nxd1 Nf6 8. Nc3 Nb4 9. Kd1 Be7 10. a3 Nc6 11. Bc4 0-0 12. Ke2 a6 13. e5 Nd7 14. a4 Nb6 15. Bb3 c4 16. Ba2 Nb4 17. Nd4 Bc5 18. Be3 N6d5 19. Nxd5 exd5 20. c3 Bxd4 21. Bxd4 Nd3 22. Rhf1 Nxb2 23. Bb1 Bd7 24. Bc2 Rab8 25. Rfb1 Nd3 26. Bxd3 cxd3+ 27. Kxd3 Bf5+ 28. Kd2 Bxb1 29. Rxb1 b5 30. a5 Rfc8 31. f5 Rc4 32. g4 b4 33. Kd3 Rb5 34. e6 fxe6 35. fxe6 bxc3 36. Rxb5 axb5 37. a6 c2 38. a7 Rc8 39. Bb2 Kf8 40. Kd4 Ra8 41. Kxd5 Rxa7 42. Kc6 Ke7 43. Kxb5 Rb7+ 0-1

[Event "GER-chT Lands U20"]
[Site "Hannover"]
[Date "2014.10.06"]
[Round "6.7"]
[White "Stork, Oliver"]
[Black "Ter Stal, Sven"]
[Result "0-1"]
[WhiteElo "1752"]
[BlackElo "1801"]
[PlyCount "158"]
[EventDate "2014.10.03"]
[EventType "team-swiss"]
[EventRounds "7"]
[EventCountry "GER"]
[SourceTitle "CBM 162 Extra"]
[Source "ChessBase"]
[SourceDate "2014.10.17"]
[SourceVersion "1"]
[SourceVersionDate "2014.10.17"]
[SourceQuality "1"]
[WhiteTeam "Hessen"]
[BlackTeam "Niedersachsen"]
[WhiteTeamCountry "GER"]
[BlackTeamCountry "GER"]

1. c4 Nf6 2. g3 g6 3. Bg2 Bg7 4. Nc3 0-0 5. d3 d6 6. e4 c5 7. Nge2 Nc6 8. 0-0 a6 9. f4 e6 10. b3 Qc7 11. Bb2 Rb8 12. Qd2 b5 13. Rab1 Bd7 14. h3 Ne8 15. g4 b4 16. Nd1 Qd8 17. Ne3 a5 18. Ng3 Nd4 19. Ne2 Nc7 20. Bxd4 cxd4 21. Nc2 e5 22. Ng3 Ne6 23. Ne2 Nc5 24. Ng3 Qh4 25. Ne2 h5 26. f5 hxg4 27. hxg4 Bh6 28. Qd1 Qxg4 29. Rf3 Qg5 30. Rg3 Qf6 31. Kf2 g5 32. Qd2 Qe7 33. Rh1 Kg7 34. Rgh3 Rh8 35. Ng3 f6 36. Nh5+ Kf7 37. Ng3 Bg7 38. Rh7 Rxh7 39. Rxh7 Rh8 40. Rxh8 Bxh8 41. Qe2 Bg7 42. Ne1 Qf8 43. Bf3 Ke7 44. Qb2 Qh8 45. Bh5 Be8 46. Qe2 Bc6 47. Kg2 a4 48. Qc2 axb3 49. axb3 Qa8 50. Bd1 Kd7 51. Kf2 Qa1 52. Kg2 Bh6 53. Kf2 Qc3 54. Ne2 Qa1 55. Ng3 Kc7 56. Nh5 g4 57. Bxg4 Bg5 58. Bd1 Bh4+ 59. Kf1 Qc3 60. Qxc3 bxc3 61. b4 Bxe1 62. bxc5 Bh4 63. cxd6+ Kxd6 64. Kg2 Kc5 65. Kf3 Kb4 66. Ke2 Ka3 67. Bc2 Kb2 68. Kd1 Be8 69. Ng7 Bc6 70. Nh5 Be8 71. Ng7 Bf7 72. Ba4 Bg5 73. Bc2 Bh6 74. c5 Bxg7 75. c6 Be8 76. c7 Bd7 77. c8Q Bxc8 78. Ba4 Ba6 79. Bc2 Bb5 0-1

[Event "GER-chT Lands U20"]
[Site "Hannover"]
[Date "2014.10.05"]
[Round "5.7"]
[White "Ter Stal, Sven"]
[Black "Mangei, Jasmin"]
[Result "0-1"]
[WhiteElo "1801"]
[BlackElo "1796"]
[PlyCount "73"]
[EventDate "2014.10.03"]
[EventType "team-swiss"]
[EventRounds "7"]
[EventCountry "GER"]
[SourceTitle "CBM 162 Extra"]
[Source "ChessBase"]
[SourceDate "2014.10.17"]
[SourceVersion "1"]
[SourceVersionDate "2014.10.17"]
[SourceQuality "1"]
[WhiteTeam "Niedersachsen"]
[BlackTeam "Baden"]
[WhiteTeamCountry "GER"]
[BlackTeamCountry "GER"]

1. e4 e5 2. Nf3 Nc6 3. Bc4 Bc5 4. c3 Nf6 5. d3 a6 6. Nbd2 Ba7 7. 0-0 0-0 8. h3 d6 9. Bb3 h6 10. Re1 Be6 11. Bc2 Re8 12. Nf1 d5 13. Qe2 dxe4 14. dxe4 Qe7 15. Ng3 Rad8 16. Nh2 Rd7 17. Ng4 Nxg4 18. hxg4 Qf6 19. Nf5 Red8 20. g3 b5 21. Kg2 Bc4 22. Qf3 Qe6 23. g5 hxg5 24. Bxg5 f6 25. Bc1 Ne7 26. Ne3 Bxa2 27. Qh5 Qf7 28. Qxf7+ Bxf7 29. Rxa6 Bb6 30. Re2 Be6 31. Nf1 Bc4 32. Re1 b4 33. Ra4 b3 34. Rxc4 bxc2 35. Kf3 Rd1 36. Ke2 Rxe1+ 37. Kxe1 0-1

[Event "GER-chT Lands U20"]
[Site "Hannover"]
[Date "2014.10.04"]
[Round "2.7"]
[White "Yankelevich, Michael"]
[Black "Ter Stal, Sven"]
[Result "1-0"]
[WhiteElo "1673"]
[BlackElo "1801"]
[PlyCount "105"]
[EventDate "2014.10.03"]
[EventType "team-swiss"]
[EventRounds "7"]
[EventCountry "GER"]
[SourceTitle "CBM 162 Extra"]
[Source "ChessBase"]
[SourceDate "2014.10.17"]
[SourceVersion "1"]
[SourceVersionDate "2014.10.17"]
[SourceQuality "1"]
[WhiteTeam "Rheinland Pfalz"]
[BlackTeam "Niedersachsen"]
[WhiteTeamCountry "GER"]
[BlackTeamCountry "GER"]

1. e4 c5 2. Nf3 d6 3. d4 cxd4 4. Nxd4 Nf6 5. Nc3 g6 6. f4 Nc6 7. Nb3 Bg7 8. Be2 Qb6 9. Bf3 0-0 10. a3 Bd7 11. Qd3 Rac8 12. Be3 Qd8 13. Nd5 Nxd5 14. exd5 Na5 15. Nxa5 Qxa5+ 16. b4 Qa4 17. Bd4 Bb5 18. Qd2 Rxc2 19. Qe3 Bxd4 20. Qxd4 Rc4 21. Qd2 Rfc8 22. Bd1 Re4+ 23. Kf2 Qa6 24. a4 Rcc4 25. Bf3 Qb6+ 26. Kg3 Red4 27. Qe3 g5 28. Qxe7 gxf4+ 29. Kh4 Rd3 30. Qg5+ Kf8 31. Qh6+ Kg8 32. axb5 Qf2+ 33. Kh5 Rxf3 34. Qg5+ Kf8 35. Qd8+ Kg7 36. Qg5+ Kf8 37. gxf3 Qxf3+ 38. Kh6 Qh3+ 39. Qh5 Qc3 40. Rhg1 Qf6+ 41. Kxh7 f3 42. Rg8+ Ke7 43. Re1+ Kd7 44. Qh3+ Kc7 45. Qc8+ Kb6 46. Qxc4 f2 47. Qa2 Qh4+ 48. Kg7 Qg5+ 49. Kf8 Qh6+ 50. Rg7 Qh8+ 51. Kxf7 Qh5+ 52. Kg8 Kxb5 53. Rxb7# 1-0

[Event "GER-chT Lands U20"]
[Site "Hannover"]
[Date "2014.10.03"]
[Round "1.7"]
[White "Ter Stal, Sven"]
[Black "Moeller, Hannah Sophie"]
[Result "0-1"]
[WhiteElo "1801"]
[BlackElo "1597"]
[PlyCount "86"]
[EventDate "2014.10.03"]
[EventType "team-swiss"]
[EventRounds "7"]
[EventCountry "GER"]
[SourceTitle "CBM 162 Extra"]
[Source "ChessBase"]
[SourceDate "2014.10.17"]
[SourceVersion "1"]
[SourceVersionDate "2014.10.17"]
[SourceQuality "1"]
[WhiteTeam "Niedersachsen"]
[BlackTeam "Niedersachsen II"]
[WhiteTeamCountry "GER"]
[BlackTeamCountry "GER"]

1. e4 c5 2. Nc3 d6 3. f4 g6 4. Nf3 Bg7 5. Bc4 Nc6 6. d3 e6 7. 0-0 Nge7 8. a3 0-0 9. Qe1 Bd7 10. Qh4 a6 11. Ng5 h6 12. Nf3 b5 13. Ba2 Rb8 14. Qg3 a5 15. f5 exf5 16. Qxd6 fxe4 17. Nxe4 Bf5 18. Qxc5 Bxe4 19. dxe4 Nd4 20. c3 Nxf3+ 21. Rxf3 b4 22. axb4 axb4 23. Bf4 bxc3 24. bxc3 Rc8 25. Qb4 Nc6 26. Qb3 Na5 27. Qc2 Nc4 28. Rd1 Qb6+ 29. Kh1 Ne5 30. Rh3 Ng4 31. Rf1 Qa6 32. Rhf3 Rxc3 33. Qb1 Rxf3 34. gxf3 Ne5 35. Bxe5 Bxe5 36. Rg1 Kg7 37. Rg2 Qf6 38. Qd3 Rd8 39. Bd5 Rc8 40. Rg1 Rc3 41. Qe2 Rxf3 42. Rg2 Rf1+ 43. Rg1 Rf2 0-1

[Event "GER-ch U12"]
[Site "Magdeburg"]
[Date "2014.06.11"]
[Round "6"]
[White "Ter Stal, Sven"]
[Black "Huber, Benedikt"]
[Result "1-0"]
[WhiteElo "1702"]
[BlackElo "1588"]
[PlyCount "95"]
[EventDate "2014.06.08"]
[EventType "swiss"]
[EventRounds "11"]
[EventCountry "GER"]
[SourceTitle "CBM 160 Extra"]
[Source "ChessBase"]
[SourceDate "2014.07.01"]
[SourceVersion "1"]
[SourceVersionDate "2014.07.01"]
[SourceQuality "1"]

1. f4 d5 2. g3 Nc6 3. Nf3 Bf5 4. Bg2 e6 5. 0-0 Nf6 6. h3 h6 7. d3 Bd6 8. c3 Bc5+ 9. Kh2 0-0 10. Qe1 Re8 11. Ne5 Qd6 12. Kh1 Bh7 13. g4 Bb6 14. Qg3 Nd7 15. Nxc6 bxc6 16. Nd2 e5 17. f5 f6 18. c4 a5 19. Qf3 d4 20. Qxc6 Nc5 21. Qxd6 cxd6 22. Bxa8 Rxa8 23. Nb3 Kf8 24. Bd2 Bg8 25. Nxc5 dxc5 26. b3 Bf7 27. a3 Be8 28. b4 Bc6+ 29. Kg1 e4 30. bxa5 Bxa5 31. Bxa5 Rxa5 32. Rfb1 exd3 33. exd3 Ra8 34. Rb6 Ba4 35. Rab1 Bc2 36. Rb8+ Rxb8 37. Rxb8+ Kf7 38. Rc8 Bxd3 39. Rxc5 Bc2 40. Kf2 d3 41. Ke3 Ke7 42. Rd5 Ke8 43. Rxd3 Bxd3 44. Kxd3 Kd7 45. Kd4 Kd6 46. a4 Kc6 47. c5 Kb7 48. Kd5 1-0

[Event "Niedersachsen-ch U12"]
[Site "Norderney"]
[Date "2014.04.15"]
[Round "8"]
[White "Ter Stal, Sven"]
[Black "Reichelt, Ole"]
[Result "1-0"]
[WhiteElo "1707"]
[BlackElo "1707"]
[PlyCount "65"]
[EventDate "2014.04.??"]
[EventType "swiss"]
[EventRounds "11"]
[EventCountry "GER"]
[SourceTitle "EXT 2017"]
[Source "ChessBase"]
[SourceDate "2016.10.25"]
[SourceVersion "1"]
[SourceVersionDate "2016.10.25"]
[SourceQuality "1"]

1. g3 d5 2. f4 g6 3. Nf3 Bg7 4. Bg2 b6 5. 0-0 Bb7 6. d3 f5 7. Nbd2 Qd6 8. Qe1 Nf6 9. Ne5 Nbd7 10. Ndf3 c5 11. c3 0-0 12. h3 Qc7 13. Ng5 Qd6 14. g4 fxg4 15. hxg4 Rab8 16. Qh4 d4 17. Bxb7 Rxb7 18. Nxd7 Qxd7 19. f5 dxc3 20. bxc3 b5 21. Rf3 e6 22. Nxe6 Rc8 23. Rh3 Bh8 24. Bg5 Nd5 25. Rf1 Bxc3 26. d4 cxd4 27. Nf4 Nxf4 28. Rxf4 Qf7 29. Bh6 Qxa2 30. fxg6 Qb1+ 31. Kh2 Bd2 32. gxh7+ Kxh7 33. Bf8+ 1-0

[Event "GER-chT North U12"]
[Site "Magdeburg"]
[Date "2013.09.15"]
[Round "7.1"]
[White "Steffens, Oliver"]
[Black "Ter Stal, Sven"]
[Result "1/2-1/2"]
[WhiteElo "1545"]
[BlackElo "1610"]
[PlyCount "41"]
[EventDate "2013.09.12"]
[EventType "team-swiss"]
[EventRounds "7"]
[EventCountry "GER"]
[SourceTitle "EXT 2014"]
[Source "ChessBase"]
[SourceDate "2013.11.20"]
[SourceVersion "1"]
[SourceVersionDate "2013.11.20"]
[SourceQuality "1"]
[WhiteTeam "Bremen West"]
[BlackTeam "Nordhorn Blanke"]
[WhiteTeamCountry "GER"]
[BlackTeamCountry "GER"]

1. e4 c5 2. Nf3 e6 3. d3 Nf6 4. Nbd2 Be7 5. g3 0-0 6. Bg2 Nc6 7. 0-0 d5 8. Qe2 Re8 9. c3 Bf8 10. Rd1 d4 11. Nc4 b5 12. Nce5 Nxe5 13. Nxe5 Bb7 14. f4 Nd7 15. Nf3 dxc3 16. bxc3 Nb6 17. Bb2 Qc7 18. Rac1 Rad8 19. d4 Nc4 20. Ba1 Qb6 21. Kh1 1/2-1/2

[Event "Niedersachsen-ch U12"]
[Site "Rotenburg"]
[Date "2013.03.29"]
[Round "11"]
[White "Moenster, Madita"]
[Black "Ter Stal, Sven"]
[Result "1-0"]
[WhiteElo "1503"]
[BlackElo "1676"]
[PlyCount "149"]
[EventDate "2013.03.23"]
[EventType "swiss"]
[EventRounds "11"]
[EventCountry "GER"]
[SourceTitle "EXT 2015"]
[Source "ChessBase"]
[SourceDate "2014.11.20"]
[SourceVersion "1"]
[SourceVersionDate "2014.11.20"]
[SourceQuality "1"]

1. d4 Nf6 2. g3 g6 3. Bg2 Bg7 4. c3 0-0 5. Nf3 d6 6. 0-0 Nc6 7. Bf4 Nh5 8. Bg5 h6 9. Be3 e5 10. dxe5 dxe5 11. Qc1 Kh7 12. Rd1 Qe7 13. Nbd2 f5 14. Nb3 Qf7 15. Qc2 Be6 16. Nc5 Nd8 17. Nb3 Bxb3 18. axb3 a6 19. Bc5 Re8 20. e4 Ne6 21. Bb4 Rad8 22. exf5 gxf5 23. Ba5 b6 24. Bb4 a5 25. Ba3 Kh8 26. b4 axb4 27. Bxb4 Rxd1+ 28. Rxd1 Rd8 29. Bh3 e4 30. Nh4 Rxd1+ 31. Qxd1 f4 32. Bxe6 Qxe6 33. Qxh5 e3 34. Ng6+ Kh7 35. Nxf4 exf2+ 36. Kxf2 Qf6 37. Qf3 c5 38. Ba3 Qd8 39. Qd3+ Qxd3 40. Nxd3 Kg6 41. Nf4+ Kf5 42. Nd5 Bf8 43. Nxb6 Ke4 44. Nd7 Bg7 45. Nxc5+ Kd5 46. Nd7 h5 47. Bf8 Bh8 48. Nb6+ Kc6 49. Nc8 Kb5 50. Ke2 Kc4 51. Kd2 Kb3 52. Ba3 Bf6 53. h3 Bg5+ 54. Ke2 Bf6 55. Kf3 Bxc3 56. bxc3 Kxa3 57. Kf4 Kb3 58. Kg5 Kxc3 59. Kxh5 Kd4 60. g4 Ke5 61. Kg5 Ke6 62. Kg6 Kd7 63. h4 Ke8 64. Kg7 Kd7 65. h5 Kc7 66. h6 Kb7 67. h7 Kc7 68. h8Q Kb7 69. Qh6 Kc7 70. Qd6+ Kb7 71. Qb6+ Kxc8 72. Qa7 Kd8 73. Qb7 Ke8 74. Kf6 Kd8 75. Ke6 1-0

[Event "Niedersachsen-ch U12"]
[Site "Rotenburg"]
[Date "2013.03.26"]
[Round "6"]
[White "Ewert, Hannes"]
[Black "Ter Stal, Sven"]
[Result "1-0"]
[WhiteElo "1681"]
[BlackElo "1676"]
[PlyCount "45"]
[EventDate "2013.03.23"]
[EventType "swiss"]
[EventRounds "11"]
[EventCountry "GER"]
[SourceTitle "EXT 2015"]
[Source "ChessBase"]
[SourceDate "2014.11.20"]
[SourceVersion "1"]
[SourceVersionDate "2014.11.20"]
[SourceQuality "1"]

1. e4 c5 2. Nf3 Nc6 3. d4 cxd4 4. Nxd4 e6 5. Nc3 Nf6 6. Nxc6 bxc6 7. e5 Nd5 8. Nxd5 cxd5 9. Bd3 Bc5 10. 0-0 d6 11. Bf4 0-0 12. Qg4 dxe5 13. Bh6 Qf6 14. Bg5 e4 15. Bxf6 g6 16. Qg5 Re8 17. Bb5 Rb8 18. Bxe8 Rxb2 19. Bxb2 e3 20. fxe3 f5 21. Qf6 Bd4 22. Bxd4 e5 23. Qf7+ 1-0

[Event "Niedersachsen-ch U12"]
[Site "Rotenburg"]
[Date "2013.03.23"]
[Round "2"]
[White "Ter Stal, Sven"]
[Black "Reichelt, Ole"]
[Result "1-0"]
[WhiteElo "1676"]
[BlackElo "1298"]
[PlyCount "97"]
[EventDate "2013.03.23"]
[EventType "swiss"]
[EventRounds "11"]
[EventCountry "GER"]
[SourceTitle "EXT 2015"]
[Source "ChessBase"]
[SourceDate "2014.11.20"]
[SourceVersion "1"]
[SourceVersionDate "2014.11.20"]
[SourceQuality "1"]

1. c4 f5 2. Nc3 e5 3. d3 Bb4 4. Nf3 Nc6 5. g3 d6 6. Bg2 Nf6 7. 0-0 Be6 8. Bd2 Qd7 9. Qc2 h6 10. Rab1 Rg8 11. a3 Bxc3 12. bxc3 b6 13. Qa4 Na5 14. Qxd7+ Kxd7 15. h4 Raf8 16. Rb5 Nh5 17. c5 f4 18. c4 g5 19. Bxa5 a6 20. c6+ Ke7 21. Rxe5 bxa5 22. Rxa5 fxg3 23. hxg5 Nf4 24. fxg3 Nh3+ 25. Kh2 hxg5 26. Nd4 Rxf1 27. Bxf1 Bg4 28. Bxh3 Rh8 29. Rxg5 Bxh3 30. Kg1 Kf6 31. Nf3 Re8 32. Kf2 Be6 33. Ra5 Bc8 34. Rh5 Kg6 35. Rh4 Rf8 36. Rf4 Re8 37. Nh4+ Kg7 38. Nf5+ Kg6 39. e4 Kg5 40. Kf3 Be6 41. Rg4+ Kf6 42. Rf4 Kg5 43. Ng7 Re7 44. Nxe6+ Rxe6 45. Rf7 Re5 46. Rxc7 Rc5 47. Rc8 Kf6 48. Ke3 Ke5 49. d4+ 1-0

[Event "GER-ch U10"]
[Site "Oberhof"]
[Date "2012.05.30"]
[Round "7"]
[White "Ter Stal, Sven"]
[Black "Rose, Luis Stratos"]
[Result "1/2-1/2"]
[WhiteElo "1498"]
[BlackElo "1372"]
[PlyCount "91"]
[EventDate "2012.05.27"]
[EventType "swiss"]
[EventRounds "11"]
[EventCountry "GER"]
[SourceTitle "CBM 148 Extra"]
[Source "ChessBase"]
[SourceDate "2012.06.22"]
[SourceVersion "1"]
[SourceVersionDate "2012.06.22"]
[SourceQuality "1"]

1. f4 d5 2. Nf3 Nf6 3. d3 c5 4. g3 Nc6 5. Bg2 e6 6. 0-0 Be7 7. Nc3 0-0 8. e4 d4 9. Nb5 a6 10. Na3 b5 11. Bd2 Bb7 12. h3 h6 13. g4 Nh7 14. Qe1 g5 15. f5 e5 16. Qg3 f6 17. Kf2 Rf7 18. Rh1 Bf8 19. Nh2 Bg7 20. Qf3 Qe7 21. Nf1 Ra7 22. Ng3 Bf8 23. Nh5 Bc8 24. Qe2 Rc7 25. Rhc1 b4 26. Nc4 Rb7 27. Qe1 a5 28. a3 Rb8 29. Kg1 Ba6 30. axb4 Bxc4 31. dxc4 axb4 32. b3 Qd6 33. Bf1 Ra7 34. Rxa7 Nxa7 35. Ra1 Ra8 36. Qb1 Qb8 37. Qa2 Qb6 38. Qa4 Qb7 39. Qa6 Qe7 40. Bd3 Qf7 41. Ra5 Qc7 42. Be1 Bd6 43. h4 Kf7 44. Rb5 Rb8 45. Rxb8 Qxb8 46. Kg2 1/2-1/2

[Event "GER-ch U10"]
[Site "Oberhof"]
[Date "2012.05.28"]
[Round "4"]
[White "Hofele, Mathis"]
[Black "Ter Stal, Sven"]
[Result "0-1"]
[WhiteElo "1273"]
[BlackElo "1498"]
[PlyCount "24"]
[EventDate "2012.05.27"]
[EventType "swiss"]
[EventRounds "11"]
[EventCountry "GER"]
[SourceTitle "CBM 148 Extra"]
[Source "ChessBase"]
[SourceDate "2012.06.22"]
[SourceVersion "1"]
[SourceVersionDate "2012.06.22"]
[SourceQuality "1"]

1. e4 c5 2. Nf3 d6 3. d4 cxd4 4. Nxd4 Nf6 5. Nc3 g6 6. Bc4 Bg7 7. Be3 0-0 8. Qd2 Ng4 9. Bg5 h6 10. h3 Ne5 11. Bh4 Nxc4 12. Qc1 Bxd4 0-1

[Event "GER-ch U10"]
[Site "Oberhof"]
[Date "2012.05.28"]
[Round "3"]
[White "Ter Stal, Sven"]
[Black "Suvorov, Luca"]
[Result "0-1"]
[WhiteElo "1498"]
[BlackElo "1255"]
[PlyCount "108"]
[EventDate "2012.05.27"]
[EventType "swiss"]
[EventRounds "11"]
[EventCountry "GER"]
[SourceTitle "CBM 148 Extra"]
[Source "ChessBase"]
[SourceDate "2012.06.22"]
[SourceVersion "1"]
[SourceVersionDate "2012.06.22"]
[SourceQuality "1"]

1. Nf3 d5 2. e3 Nf6 3. b3 Bg4 4. h3 Bh5 5. Bb2 e6 6. Be2 Be7 7. 0-0 0-0 8. Ne5 Bxe2 9. Qxe2 Nbd7 10. f4 Ne4 11. Nxd7 Qxd7 12. Qg4 Bf6 13. Bxf6 Nxf6 14. Qf3 Qc6 15. c4 Qd6 16. cxd5 Qxd5 17. Qxd5 Nxd5 18. Nc3 Rfd8 19. Nxd5 Rxd5 20. Rfc1 c6 21. d4 f6 22. Rc4 Re8 23. Kf1 e5 24. e4 Rxd4 25. Rxd4 exd4 26. Re1 d3 27. Re3 d2 28. Ke2 Rd8 29. Kd1 Kf7 30. Re2 Rd4 31. Rxd2 Rxe4 32. Rd7+ Re7 33. Rd4 Ke6 34. g4 Rd7 35. f5+ Ke7 36. Rxd7+ Kxd7 37. Kc2 Kd6 38. Kd2 Ke5 39. Ke3 h5 40. a3 a5 41. a4 b5 42. gxh5 bxa4 43. bxa4 Kxf5 44. Kd4 Ke6 45. Kc5 f5 46. Kb6 f4 47. Kxa5 f3 48. h6 gxh6 49. Kb6 f2 50. a5 f1Q 51. a6 Qf8 52. Kb7 Kd7 53. a7 Qc8+ 54. Kb6 Qa8 0-1

[Event "GER-chT Nord-West U20 1112"]
[Site "Germany"]
[Date "2012.05.12"]
[Round "8.6"]
[White "Schloesser, Simon"]
[Black "Ter Stal, Sven"]
[Result "1-0"]
[WhiteElo "1820"]
[BlackElo "1498"]
[PlyCount "127"]
[EventDate "2011.09.24"]
[EventType "team-tourn"]
[EventRounds "9"]
[EventCountry "GER"]
[SourceTitle "EXT 2015"]
[Source "ChessBase"]
[SourceDate "2014.11.20"]
[SourceVersion "1"]
[SourceVersionDate "2014.11.20"]
[SourceQuality "1"]

1. Nc3 c5 2. Nf3 d6 3. d4 cxd4 4. Nxd4 Nf6 5. g3 Nc6 6. Bg2 Bd7 7. 0-0 g6 8. e4 Bg7 9. h3 0-0 10. Be3 Ne5 11. b3 Qc8 12. Nd5 Nxd5 13. exd5 Bxh3 14. Rb1 Bxg2 15. Kxg2 Qg4 16. f3 Qd7 17. Rh1 h5 18. Qd2 Rfc8 19. Rh4 a6 20. Rbh1 Qc7 21. c4 b5 22. Bh6 bxc4 23. Bxg7 Kxg7 24. Rxh5 gxh5 25. Rxh5 Rh8 26. Qg5+ Ng6 27. Nf5+ Kf8 28. Rxh8+ Nxh8 29. Qg7+ Ke8 30. Qxh8+ Kd7 31. Qxa8 cxb3 32. Qc6+ Qxc6 33. dxc6+ Kxc6 34. axb3 e6 35. Ne3 d5 36. Nc2 Kc5 37. Kf2 a5 38. f4 Kb5 39. Ke3 a4 40. bxa4+ Kxa4 41. Kd4 Kb5 42. f5 Kc6 43. fxe6 fxe6 44. Ke5 Kd7 45. Nd4 Ke7 46. Nxe6 Kf7 47. Kxd5 Kf6 48. Nf4 Kf5 49. Ne2 Kg5 50. Ke5 Kg4 51. Ke4 Kg5 52. Kf3 Kf5 53. g4+ Kg5 54. Nd4 Kg6 55. Kf4 Kf6 56. g5+ Kg7 57. Kf5 Kh7 58. Kf6 Kg8 59. Kg6 Kh8 60. Kf7 Kh7 61. g6+ Kh8 62. g7+ Kh7 63. g8Q+ Kh6 64. Qg6# 1-0